|
|
|
|
| LEADER |
00000nam0a2200000 4500 |
| 001 |
361671 |
| 005 |
20231102011419.0 |
| 035 |
|
|
|a (RuTPU)RU\TPU\retro\19010
|
| 090 |
|
|
|a 361671
|
| 100 |
|
|
|a 20210628d1964 m y0rusy50 ca
|
| 101 |
0 |
|
|a rus
|
| 102 |
|
|
|a RU
|
| 105 |
|
|
|a a z 001zy
|
| 200 |
1 |
|
|a Применение телевидения в дефектоскопи
|f Ч. Г. Постарнак
|
| 210 |
|
|
|a Куйбышев
|c Куйбышевское книжное издательство
|d 1964
|
| 215 |
|
|
|a 40 с.
|c ил.
|
| 320 |
|
|
|a Библиогр.: с. 38
|
| 606 |
1 |
|
|a Дефектоскопия
|2 stltpush
|3 (RuTPU)RU\TPU\subj\9369
|9 36628
|
| 606 |
1 |
|
|a Телевидение
|2 stltpush
|3 (RuTPU)RU\TPU\subj\72657
|9 86077
|
| 610 |
1 |
|
|a применение
|
| 610 |
1 |
|
|a телевизионный контроль
|
| 610 |
1 |
|
|a рентгено-телевизионная дефектоскопия
|
| 610 |
1 |
|
|a ультразвуковая дефектоскопия
|
| 610 |
1 |
|
|a рентгенотелевизионные изображения
|
| 675 |
|
|
|a 620.179.1
|v 4
|
| 675 |
|
|
|a 621.697.13
|v 4
|
| 700 |
|
1 |
|a Постарнак
|b Ч. Г.
|g Чонгар Григорьевич
|
| 801 |
|
1 |
|a RU
|b 63413507
|c 20210628
|
| 942 |
|
|
|c BK
|